| 000 | 00499nam a2200157 i 4500 | ||
|---|---|---|---|
| 001 | 61267 | ||
| 003 | ES-MaACL | ||
| 005 | 20230906164421.0 | ||
| 007 | t| | ||
| 008 | 031111s1980 sp ||||1| spa d | ||
| 245 | 0 | 0 |
_aEstatuto de los trabajadores _b: trabajos parlamentarios / _c[edición por José Fernando Merino Merchan]. |
| 260 |
_a[Madrid] : _bCortes Generales, _c[1980] |
||
| 300 |
_a2 v. ; _c25 cm. |
||
| 700 | 1 |
_aMerino Merchan, Fernando. _980545 |
|
| 852 |
_aES-MaACL _jC-21818-19 _bR.100791 |
||
| 999 |
_c61267 _d61267 |
||